MARC details
| 000 -LÍDER |
| campo de controle de tamanho fixo |
01314nas a2200325 4500 |
| 001 - NÚMERO DE CONTROLE |
| campo de controle |
BR8201302 |
| 003 - IDENTIFICADOR DO NÚMERO DE CONTROLE |
| campo de controle |
BR-BrBNA |
| 005 - DATA E HORÁRIO DA ÚLTIMA TRANSAÇÃO |
| campo de controle |
20231205085053.0 |
| 007 - CAMPO FIXO DE DESCRIÇÃO FÍSICA--INFORMAÇÃO GERAL |
| campo de controle de tamanho fixo |
ta |
| 008 - CAMPO DE DADOS FIXOS--INFORMAÇÃO GERAL |
| campo de controle de tamanho fixo |
230509b bl.|||p| |||| 00| 00por d |
| 040 ## - FONTE DA CATALOGAÇÃO |
| Instituição da catalogação original |
BR-BrBNA |
| Idioma da catalogação |
por |
| Instituição que transcreveu o registro |
Biblioteca Nacional de Agricultura |
| 041 ## - CÓDIGO DE IDIOMA |
| Código do idioma do texto/trilha sonora ou título diferente |
(En) |
| 072 ## - CÓDIGO DE CATEGORIA DE ASSUNTO |
| Código de Categoria de Assunto |
M20 |
| 100 1# - ENTRADA PRINCIPAL--NOME PESSOAL |
| Nome pessoal |
Teixeira, C. |
| 100 1# - ENTRADA PRINCIPAL--NOME PESSOAL |
| Nome pessoal |
Tundisi, J.G. |
| 245 1# - TÍTULO |
| Título |
The effects of nitrogen and phosphorus enrichments on phytoplankton in the region of Ubatuba (lat. 23 degrees, 30 minutes S - LONG, 45 degrees, 06 minutes, W), Brazil [Fitoplancton; Oceanografia; Analise quimica; Nitrogenio; Fosforo; Clorofila; Carbono] |
| 246 1# - FORMA VARIANTE DO TÍTULO |
| Título/título abreviado |
The effects of nitrogen and phosphorus enrichments on phytoplankton in the region of Ubatuba (latitude 23 degrees, 30 minutes s-longitude. 45 degrees, 06 minutes W), Brazil [Oceanography; Chemical analysis; Chlorophyll; Carbon] |
| 650 ## - ASSUNTO--TERMO TÓPICO |
| Cabeçalho tópico ou nome geográfico |
Oceanografia |
| 650 ## - ASSUNTO--TERMO TÓPICO |
| Cabeçalho tópico ou nome geográfico |
Fitoplancton |
| 650 ## - ASSUNTO--TERMO TÓPICO |
| Cabeçalho tópico ou nome geográfico |
Analise quimica |
| 650 ## - ASSUNTO--TERMO TÓPICO |
| Cabeçalho tópico ou nome geográfico |
Nitrogenio |
| 650 ## - ASSUNTO--TERMO TÓPICO |
| Cabeçalho tópico ou nome geográfico |
Fosforo |
| 650 ## - ASSUNTO--TERMO TÓPICO |
| Cabeçalho tópico ou nome geográfico |
Carbono |
| 650 ## - ASSUNTO--TERMO TÓPICO |
| Cabeçalho tópico ou nome geográfico |
Clorofila |
| 650 ## - ASSUNTO--TERMO TÓPICO |
| Cabeçalho tópico ou nome geográfico |
Bioquimica vegetal |
| 650 ## - ASSUNTO--TERMO TÓPICO |
| Cabeçalho tópico ou nome geográfico |
Ubatuba |
| 773 0# - ENTRADA ANALÍTICA |
| Título |
Boletim do Instituto Oceanografico (Brazil) |
| ISSN - International Standard Serial Number |
ISSN 0373-5524 |
| Partes relacionadas |
(1981), v. 30(1) p. 77-86 |
| Número de controle do registro |
BR8201302 |
| 909 ## - |
| -- |
202311 |
| -- |
Lúcia |
| -- |
55 |
| -- |
Lúcia Elande |
| 942 ## - ELEMENTOS DE ENTRADA ADICIONADOS (KOHA) |
| Fonte da classificação ou esquema de arquivamento na estante |
Classificação AGRIS |
| Ocultar no OPAC |
Não |
| Tipo de material Koha |
Analítica |